书目信息 |
| 书名: | MY LIFE ON MARS | |
| 作者: | ALICIA METCALF MILLER | |
| 分册号: | ||
| 分册名: | 出版地: | United states of America |
|
| 出版社: | A PLUME BOOK | |
| 出版时间: | 2006 | |
| 页数: | 275p | |
| 开本: | 20cm | |
| 丛书名: | ||
| 中图分类号: | ||
| 科图分类号: | ||
| 其他分类号: | I712.85 | |
| 主题词: | ||
| 电子资源: | ||
| 000 | 00542nam0 2200205 450 | |
| 001 | 052012180868 | |
| 005 | 20121114151145.0 | |
| 008 | 20021229d1997 em y0chiy0121 ea | |
| 020 | @a978-0-452-28683-2@c$14.00 | |
| 041 | @aeng | |
| 091 | @aI712.85 | |
| 099 | @dI712.85@eA3989 | |
| 100 | @aALICIA METCALF MILLER | |
| 245 | 10 | @aMY LIFE ON MARS @cALICIA METCALF MILLER |
| 260 | @aUnited states of America@bA PLUME BOOK@c2006 | |
| 300 | @a275p@c20cm | |
| 521 | @aMY LIFE ON MARS | |
| 905 | @b11389 | |
| 905 | @b11390 | |
| 905 | @aTSG@dI712.85@eA3989 | |
| MY LIFE ON MARS / ALICIA METCALF MILLER.-United states of America : A PLUME BOOK , 2006 |
| 275p ; 20cm |
| MY LIFE ON MARS |
| ISBN 978-0-452-28683-2$14.00 |
| ● |
| 相关链接 |
|
|
|
正题名:MY LIFE ON MARS
索取号:I712.85/A3989
 
预约/预借
| 序号 | 登录号 | 条形码 | 馆藏地/架位号 | 状态 | 备注 |